000 00818nam a22001577a 4500
003 OSt
005 20160509145100.0
008 160509b xxu||||| |||| 00| 0 eng d
040 _cRUA
082 _aAGR NHE 2010 B470 Or.1
100 _98332
_aNHEAN SOPHEA; ញាណ សុភា
245 _aThe different types of fertilizer on growth and yield of ir66 variety at royal university of agriculture; ប្រភេទជីខុសៗគ្នាលើការលូតលាស់ និងទិន្នភល ពូជស្រូវអ៊ីអ៊ែរ៦៦ នៅស្ថានីយយ៏ពិសោធន៏ដំណាំនៃសាកលវិទ្យាល័យភូមិន្ទកសិកម្ម
260 _aPhnom Penh
_bRUA
_c2010
300 _axiii;47p.
_bill.
_c29cm.
942 _2ddc
_cAGR
999 _c7984
_d7984